MDQL
is popping MORE tags! Check the
thread
!
Quizzes
Events
Quiz Creation
Community
Videos
Private Events
Remove Ads
Sign In
Join for FREE
Feedback
Dark Mode
Quiz Categories
Sports
Geography
Music
Movies
Television
Just For Fun
Miscellaneous
History
Literature
Language
Science
Gaming
Entertainment
Religion
Holiday
For Kids
Quiz Lab
Recent
Popular Today
Quiz Kudos Today
Editor Picks
Curator Picks
Quizzes by...
Day
Popularity
Type
Ratings
Length
Year
Community
Subscriptions
Recent Discussions
Orange Saloon
Badges
Playlists
Quests
Create
Leaderboards
Showdown
Live 5
Trivia Bingo
Activity
Puzzle Library
Sporcle Events
Private Events
Virtual Trivia
Globe League
Become a Host
Pub Owners
SporcleCon
Opinionation
Our Games
Videos
Blog
Mobile Apps
Partnerships
Remove Ads and Go Orange
Feedback
Sports
Athletes
MLB
NBA
NHL
NFL
Soccer
Sports Teams
WWE
NCAA
Football
Premier League
Basketball
Baseball
Hockey
Golf
Tennis
Cricket
Rugby
Auto Racing
Olympics
World Cup
Sports
Athletes
MLB
NBA
NHL
NFL
Soccer
Sports Teams
WWE
NCAA
Football
Premier League
Basketball
Baseball
Hockey
Golf
Tennis
Cricket
Rugby
Auto Racing
Olympics
World Cup
Random Quiz
Search Sporcle
×
Quiz Lab
Quiz Lab
Sports
MLB
Type in answers that appear in a list
Type in answers that appear in a list
Classic
Best Score? Go Orange.
Greatest Foreign-Born MLB Players Stats
Can you name the Greatest Foreign-Born MLB Players?
By
GeorgiaPeach
8m
30 Questions
154 Plays
154 Plays
154 Plays
Comments
Comments
Give Quiz Kudos
Give Quiz Kudos
-
- Ratings
hide this ad
More Info
Replay
Link that replays current quiz
Next Quiz
Link to next quiz in quiz playlist
You Got
0%
They Got
Avg Score
56%
Avg Friend Score
Upgrade to see
Score Distribution
Jump to the score distribution portion of the page
Score
0/30
Timer
08:00
0
Plays Today
Place of Birth
Player
% Correct
Puerto Rico (1955-
1972)
Roberto Clemente
94.8%
Japan (2001-
present)
Ichiro Suzuki
89%
Dominican Republic (2001-
present)
Albert Pujols
85.1%
Puerto Rico (1991-
2011)
Ivan Rodriguez
84.4%
Dominican Republic (1993-
2011)
Manny Ramirez
79.9%
Dominican Republic (1996-
2011)
Vladimir Guerrero
70.8%
Curacao (1996-
present)
Andruw Jones
70.1%
Canada (1989-
2005)
Larry Walker
70.1%
Dominican Republic (1989-
2007)
Sammy Sosa
68.2%
Cuba (1986-
2005)
Rafael Palmeiro
66.2%
Venezuela (2003-
present)
Miguel Cabrera
66.2%
Cuba (1964-
1986)
Tony Perez
64.9%
Canal Zone (1967-
1985)
Rod Carew
63.6%
Puerto Rico (1998-
2004)
Roberto Alomar
57.1%
Puerto Rico (1958-
1974)
Orlando Cepeda
57.1%
Place of Birth
Player
% Correct
Venezuela (1989-
present)
Omar Vizquel
52.6%
Puerto Rico (1998-
present)
Carlos Beltran
49.4%
Cuba (1949-
1980)
Minnie Minoso
48.1%
Puerto Rico (1993-
2009)
Carlos Delgado
46.8%
Dominican Republic (1998-
present)
Adrian Beltre
46.1%
Venezuela (1956-
1973)
Luis Aparicio
44.8%
Dominican Republic (1997-
present)
Miguel Tejada
44.2%
Dominican Republic (1983-
2001)
Tony Fernandez
41.6%
Venezuela (1996-
present)
Bobby Abreu
39%
Puerto Rico (1991-
2006)
Bernie Williams
38.3%
Cuba (1962-
1976)
Tony Oliva
37.7%
Puerto Rico (1970-
1988)
Jose Cruz
33.8%
Dominican Republic (1970-
1986)
Cesar Cedeno
27.9%
Jamaica (1985-
2001)
Devon White
23.4%
Cuba (1964-
1983)
Bert Campaneris
22.7%
Quiz Playlist
Details
Report
Send in Message
Add To Playlist
More Info:
Based solely on WAR found at baseball-reference. There are no pitchers. Puerto Rico will be considered foreign because it is outside the U.S.
Classic:
Type in answers that appear in a list
Last Updated: Feb 16, 2017
Quiz Scoreboard
CHALLENGE
Sign Up to Join the Scoreboard
Show All
Scores
Hide
Comments
May contain spoilers
Recently Published
Holiday 10x10 Sorting Gallery
by lukepisani3
Holiday
15m
Two Season TV Shows II
by 123Four
Television
10m
Image Sorting: Flags VI
by Barbecue
Geography
2m
More to Explore
Quiz From the Vault
Featured Blog Post
14 Easter Pick-up Lines to Find Eggs With
hide this ad
You Might Also Like...
Tags
Baseball Quiz
MLB Quiz
War Quiz
birth
greatest
place
Player
Today's Top Quizzes in Sports
Browse Sports
hide this ad
Today's Top Quizzes in MLB
Browse MLB
Top Contributed Quizzes in Sports
1
Les meilleurs buteurs des matchs entre le PSG et l’OM
2
Les entraîneurs de l'OM et du PSG au 21e siècle
3
2022 World Cup Stars
4
Les joueurs passés par le PSG et l'OM
5
Players with Multiple 50 Home Run Seasons
6
FIFA Club World Cup Champions
7
Criteria MLB: Left Handed Sluggers
8
Les joueurs passés par le LOSC et le RC Lens
9
Top 10 NHL Goal Scorers of All Time
10
NBA Logic Puzzle 2.0
Explore More
Trending Topics
Marvel
NBA
Anime
Kpop
Disney
Crossword
Harry Potter
WWE
Country
Soccer
Puzzle
Song
Pokémon
NFL
The Office
hide this ad
More By:
GeorgiaPeach
Quiz
Plays
Rating
Category
Featured
Created
Profile: George Costanza
134,540
4.49
Television
Jan 12, 2010
MLB HR Leaders by Decade
113,193
4.58
Sports
Jul 5, 2010
Most Hits With One MLB Team
69,116
4.53
Sports
Oct 5, 2009
American History: 1950s
55,675
4.31
History
Jul 11, 2011
Highest Oscar Win Percentage
49,789
4.25
Movies
Oct 3, 2009
Go to Creator's Profile
Score Distribution
Quiz Creator Spotlight
GeorgiaPeach
Follow
Send a Message
Quizzes Created
-
Created Quiz Play Count
-
More By This Creator
Popular Quizzes Today
1
Find the US States - No Outlines Minefield
2
Colored Red Africa Blitz
3
Find the 'City' Movie
4
The Countries of the World
5
5x2 Blitz: Bands
6
Find the Countries of Europe - No Outlines Minefield
7
Find the US States
8
US States
More Sports Quizzes
2001 - 2020 Goalscorers in National Squads: Germany
Quiz Lab
Trending Quizzes
Colored Red Europe Blitz I
Colored Red Africa Blitz II
Colored Red Europe Blitz II
Even More Two Season TV Shows
Colored Red Africa Blitz III
Recently Updated
Odd Team Out - Big 4 Players
pecheneg
Quick Pick: 20 Twenties
pecheneg
March Madness Men's Triple Doubles
pecheneg
How Do You Spell That?
pecheneg
Godzilla Movies
pecheneg
Grab Bag: 4-10 Letters
pecheneg
2024 March Madness Bracket
pecheneg
Famous TV Couples
Peacemaker
Champions League XIs: Real Madrid
pecheneg
Largest US Cities 1790-2010
pecheneg
Trending Topics
Disney
Marvel
NBA
Harry Potter
Anime
Kpop
Crossword
Song
WWE
Puzzle
Soccer
NFL
The Office
Pokémon
Country
Your Account Isn't Verified!
In order to create a playlist on Sporcle, you need to verify the email address you used during registration. Go to your
Sporcle Settings
to finish the process.
Report this User
Report this user for behavior that violates our
Community Guidelines
.
Details:
Send Report
Go to the Sporcle.com Mobile Site →
Comments